00532nam a2200181 a 4500001001000000003000900010005001700019007000300036008004100039020001800080040002500098082000700123245008000130260007200210300002000282700002000302700002800322000042721DO-SdBNP20240229073833.0ta140206s2011 dr 000 0 spa d a9789945469424 aDO-SdBNPbspacBNPHU 422200aColoquios 2010 /cArturo López...[et.al] ; coordinación Mateo Morrison. aSanto Domingo :bDirección Nacional de la Feria del Libro.c2011. a98 p. ;c24 cm.1 aLópez, Arturo1 aMorrison, Mateo,d1947-